Fuita i martiri de Sant Andreu Mila / (Record no. 127415)

MARC details
000 -LEADER
campo de control de longitud fija 00591nam a2200181 4500
001 - NÚMERO DE CONTROL
campo de control 127415
003 - IDENTIFICADOR DE NÚMERO DE CONTROL
campo de control ES-MaACL
005 - FECHA Y HORA DE LA ÚLTIMA TRANSACCIÓN
campo de control 20230906193019.0
007 - CAMPO FIJO DE DESCRIPCIÓN FÍSICA--INFORMACIÓN GENERAL
campo de control de longitud fija t|
008 - DATOS DE LONGITUD FIJA--INFORMACIÓN GENERAL
campo de control de longitud fija 070214s1973 sp r ||||1| cat d
100 1# - ENTRADA PRINCIPAL--NOMBRE DE PERSONA
Nombre de persona Riera, Miquel Angel.
9 (RLIN) 97114
245 10 - MENCIÓN DEL TÍTULO
Título Fuita i martiri de Sant Andreu Mila /
Mención de responsabilidad, etc. Miquel Angel Riera ; proleg de Josep Maria Llompart ; epileg de Jaume Santandreu.
260 ## - PUBLICACIÓN, DISTRIBUCIÓN, ETC.
Lugar de publicación, distribución, etc. Palma de Mallorca :
Nombre del editor, distribuidor, etc. Moll,
Fecha de publicación, distribución, etc. 1973.
300 ## - DESCRIPCIÓN FÍSICA
Extensión 175 p. ;
Dimensiones 19 cm.
700 1# - ENTRADA AGREGADA--NOMBRE PERSONAL
Nombre de persona Llompart, Josep M.
9 (RLIN) 72812
700 1# - ENTRADA AGREGADA--NOMBRE PERSONAL
Nombre de persona Santandreu, Jaume.
9 (RLIN) 103336
852 ## - LOCALIZACIÓN
Ubicación ES-MaACL
Número de control de estantería C-53086
Sublocalización o colección R.85697
Holdings
Estatus retirado Estado de pérdida Estado de daño No para préstamo Biblioteca de origen Biblioteca actual Ubicación en estantería Fecha de adquisición Fuente de adquisición Total de préstamos Signatura topográfica completa Código de barras Visto por última vez Precio de reemplazo Tipo de ítem Koha
        Biblioteca del Ateneo de Madrid Biblioteca del Ateneo de Madrid Depósito 2 17/01/2008     C-53086 1132709 23/02/2023 23/02/2023 Libro impreso